Statistiques concernant Volley quiz

Cliquez ici pour prendre le quiz!

Statistiques générales

  • Ce quiz a été pris 405 fois
  • Le résultat moyen est 11 sur 25

Statistiques - réponses

HintRéponse% Correct
le role de la personne qui prend la deuxieme balle pour passer aux attaquantpasseur
98%
le pro de le defenselibero
95%
le geant au milieucentral
85%
le pro pour mettre des points sur l aile droite en 2pointu
75%
une passe avec les bras tres uitle pour la receptionmanchette
71%
souvent compose de 25 points et il y en as 3 dans un matchset
66%
l antenne situe aux extremites du filmire
64%
l attaque du R4 arriere derriere les 3 metrespipe
60%
service avec effet pour tromper la reception adverseflottant
58%
les 2 joueurs qui attaque sur les ailes souvent en 4Réceptionneur-attaquant
54%
une attaque qui vise la ligne adverseligne
52%
quand on bloque mais que la balle tombe dehorsblockout
50%
moment ou l equipe se positione pour reception au debut d un pointservice
46%
une fausse passe souvent en 2 eme touchedeuxieme main
30%
mettre sa main juste en sous de la balle pour faire un rebondpancake
29%
faire une fausse attaque pour tromper le blocbidouille
25%
le fait que la balle parte sur les cotes ou derriere nous lors d une receptionzip
25%
service tres haut au beach volleysoleil
23%
utilise pour la defense tres basseplongeon
21%
une passe avec tout les doigt de la mainpasse a dix doigt
19%
le fait de mettre une balle dans les 3 mettres en attaqauntplanter
17%
quand l attaque tombe avec le bloqueur adverseboite aux lettres
15%
set de 15 points en cas d egalitetimebreak
11%
une attaque qui vise la diagonale adversediade
4%
service avec un lancer de balle assez haut suivi d un sautsauté smashé
2%

Distribution des résultats

Percentile par nombre de réponses

% des personnes avec chaque résultat

Votre développement - résultats

Vous n’avez pas pris ce quiz